000 00980nam a22003497a 4500
001 BR7503570
003 BR-BrBNA
005 20230928084818.0
007 ta
008 230509b bl.||||| |||| 00| 0 por d
040 _aBR-BrBNA
_bpor
_cBiblioteca Nacional de Agricultura
041 _a(Por)
072 _aF00; C00
_b3575
_b/G514
090 _ 3575 BR7503570
110 1 _aFaculdade de Agronomia Eliseu Maciel, Pelotas, RS (Brasil);
110 1 _aCentro de Treinamento e Informacao do Sul, Pelotas, RS (Brasil)
_91675
245 1 _aCurso sobre analise de sementes [Brasil]
260 3 _aPelotas, RS (Brasil):
_c1975.
300 _a144 p.
650 _aSEMENTE
650 _aVARIEDADE
650 _aANALISE QUALITATIVA
650 _aTEOR DE UMIDADE
650 _aTESTE DE VIGOR
650 _aPUREZA
650 _aGERMINACAO
650 _aARMAZENAMENTO
650 _aCONSERVACAO
650 _aCURSO
909 _a202309
_bLucia
_c55
_dLucia Elande
942 _cBK
999 _c21235
_d21235